Witchcraft through the Ages = Häxan /

Apoyado en documentación sobre juicios de brujería de los siglos XV y XVI, el cineasta danés Benjamin Christensen (1879-1959) dirigió esta producción silente sueca en la que traza una serie de dramáticas viñetas sobre la historia de la brujería y su bárbara represión y explora la hipótesis de que la...

Descripción completa

Guardado en:
Detalles Bibliográficos
Autor principal: Christensen, Benjamin (realización)
Otros autores: Christensen, Benjamin (guión) (guión), Ankerstjerne, Johan (fotógrafo) (fotógrafo), Hansen, Edla (montaje) (montaje), Anderson, Gillian (música) (música), Christensen, Benjamin (actuación) (actuación), Holm, Astrid (actuación) (actuación), Winther, Karen (actuación) (actuación), Burroughs, William S. (narración) (narración), Fujiwara, Chris (texto del folleto) (texto del folleto), Anderson, Gillian (texto del folleto) (texto del folleto)
Formato: Audiovisual
Idioma:sueco
Publicado: Estocolmo, Suecia : Svensk Filmindustri, 1922, c1922
Colección:(Criterion Collection ; 134)
Temas:
Etiquetas: Agrega una etiqueta
Sin etiquetas, Sé el primero en etiquetar este registro!

MARC

LEADER 00000ngm^a2200000^a^4500
001 000172933
005 20251020000000.0
009 20260310101437.551
020 |a 0-78002-458-3 
037 |a Acervo ITESO - Biblioteca 
041 |a SUE 
082 |a 808. 8  |b CRI V. 134 
100 |a Christensen, Benjamin  |e (realización) 
240 1 1 |a [Häxan: la brujería a través de los tiempos] 
245 1 0 |a Witchcraft through the Ages =  |b Häxan /  |c Realización de B. Christensen. 
246 2 |a Título en México: Häxan: la brujería a través de los tiempos 
246 2 |a Título alternativo en español (Argentina, España y Uruguay): La brujería a través de los tiempos 
264 4 |a Estocolmo, Suecia :  |b Svensk Filmindustri,  |c 1922, c1922 
264 2 |a Nueva York, EUA :  |b Criterion Collection [distribución],  |c 2001, c2001 
300 |a 1 DVD sin dato de región (104, 76 min.) :  |b color +  |e 1 cuadríptico 
336 |a imagen móvil bidimensional  |b tdi  |2 rdacontenido 
337 |a video  |b v  |2 rdamedio 
338 |a videodisco  |b vd  |2 rdasoporte 
440 1 |a (Criterion Collection ;  |v 134) 
520 |a Apoyado en documentación sobre juicios de brujería de los siglos XV y XVI, el cineasta danés Benjamin Christensen (1879-1959) dirigió esta producción silente sueca en la que traza una serie de dramáticas viñetas sobre la historia de la brujería y su bárbara represión y explora la hipótesis de que las brujas de la Edad Media padecían una histeria semejante a los pacientes de los hospitales psiquiátricos de inicios del siglo XX. La más ambiciosa película de la filmografía de Christensen muestra un imaginario visual inspirado en la pintura de El Bosco, Brueghel y Goya y fue objeto de culto entre los miembros del movimiento surrealista debido a su libertad narrativa y anticlericalismo. El presente disco reúne la versión silente y entintada, con 104 minutos de duración, y una versión sonora, producida en 1967 y retitulada Witchcraft through the Ages, con 76 minutos de duración y la participación del escritor norteamericano William S. Burroughs (1914-1997) como narrador. También ha sido incorporada una banda sonora, compuesta por Gillian Anderson, quien buscó recrear la música interpretada el 7 de noviembre de 1922, cuando el filme fue estrenado en Dinamarca. 
546 |a Intertítulos en sueco, con subtítulos opcionales: inglés 
649 |a XX 
650 |a Cineastas Daneses 
650 |a Brujos y Chamanes en el Cine 
650 |a Brujos y Chamanes -  |z Europa -  |x Historia -  |y 476-1492 
650 |a Mujeres en el Cine 
650 |a Mujeres -  |z Europa -  |x Historia -  |y 476-1492 
650 |a Diablo en el Cine 
650 |a Inquisición en el Cine 
650 |a Inquisición -  |z Europa -  |x Historia -  |y 476-1492 
650 |a Películas de Suspenso y Terror 
650 |a Cine Fantástico 
650 |a Dramas Cinematográficos 
650 |a Cine en Blanco y Negro -  |z Suecia 
650 |a Cine Mudo -  |z Suecia 
650 |a Cine Sueco -  |y 1920-1929 
650 |a Cine Sueco -  |y Siglo XX 
650 |a Brujería -  |z Europa -  |x Historia -  |y 476-1492 -  |x Tema Principal 
650 |a Superstición -  |z Europa -  |x Historia -  |y 476-1492 
650 |a Tortura -  |z Europa -  |x Historia -  |y 476-1492 
650 |a Psicopatología -  |z Europa -  |x Historia -  |y 476-1492 
650 |a Psicología y Religión -  |z Europa -  |x Historia -  |y 476-1492 
650 |a Religión y Derecho -  |z Europa -  |x Historia -  |y 476-1492 
650 |a Europa -  |x Historia -  |y 476-1492 
650 |a Edad Media -  |x Historia 
740 0 |a "Häxan" /  |c Texto del cuadríptico de C. Fujiwara. 
740 0 |a About the Music [of Häxan] /  |c Texto del cuadríptico de G. Anderson. 
700 |a Christensen, Benjamin  |e (guión) 
700 |a Ankerstjerne, Johan  |e (fotógrafo) 
700 |a Hansen, Edla  |e (montaje) 
700 |a Anderson, Gillian  |e (música) 
700 |a Christensen, Benjamin  |e (actuación) 
700 |a Holm, Astrid  |e (actuación) 
700 |a Winther, Karen  |e (actuación) 
700 |a Burroughs, William S.  |e (narración) 
700 |a Fujiwara, Chris  |e (texto del folleto) 
700 |a Anderson, Gillian  |e (texto del folleto) 
910 |a Fondo General 
920 |a Audiovisuales - DVDs 
940 |a Películas 
905 |a 308 
901 |a 0500092235  |b IT2  |c DVR  |u 20250521 
901 |a 0500093884  |b IT2  |c MIN  |u 20251020 
902 |a https://opac.biblio.iteso.mx/vufind/Record/000172933